Thống nhất tương tác hấp dẫn - điện tử với metric robertson - walker: Luận văn Thạc sĩ Khoa học. Chuyên ngành: Vật lý lý thuyết và vật lý toán

Trình bày một số vấn đề cơ bản của lý thuyết tương đối rộng với công cụ hình học Riemann; các tính toán liên quan đến Metric robertson - waker;nghiên cứu mô hình thống nhất hấp dẫn - điện từ kiểu kaluza - klein...

Πλήρης περιγραφή

Αποθηκεύτηκε σε:
Λεπτομέρειες βιβλιογραφικής εγγραφής
Κύριος συγγραφέας: Nguyễn, Chơn Nhất Hữu
Μορφή: Βιβλίο
Γλώσσα:Undetermined
Έκδοση: Cần Thơ Trường Đại học Cần Thơ 2010
Θέματα:
Ετικέτες: Προσθήκη ετικέτας
Δεν υπάρχουν, Καταχωρήστε ετικέτα πρώτοι!
Thư viện lưu trữ: Trung tâm Học liệu Trường Đại học Cần Thơ
LEADER 01225nam a2200217Ia 4500
001 CTU_161740
008 210402s9999 xx 000 0 und d
082 |a 539.7258 
082 |b H566 
088 |a 604401 
100 |a Nguyễn, Chơn Nhất Hữu 
245 0 |a Thống nhất tương tác hấp dẫn - điện tử với metric robertson - walker: 
245 0 |b Luận văn Thạc sĩ Khoa học. Chuyên ngành: Vật lý lý thuyết và vật lý toán 
245 0 |c Nguyễn Chơn Nhất Hữu; Đào Vọng Đức (Hướng dẫn) 
260 |a Cần Thơ 
260 |b Trường Đại học Cần Thơ 
260 |c 2010 
520 |a Trình bày một số vấn đề cơ bản của lý thuyết tương đối rộng với công cụ hình học Riemann; các tính toán liên quan đến Metric robertson - waker;nghiên cứu mô hình thống nhất hấp dẫn - điện từ kiểu kaluza - klein 
650 |a String models,Mô hình dây,Superstring theories,Lý thuyết siêu dây 
904 |i Hồng, Năm 
980 |a Trung tâm Học liệu Trường Đại học Cần Thơ